000 00553nam a2200169 a 4500
001 000039964
005 20201002033833.0
008 130801s1987 mx 000 0 spa d
020 _a9701013948
040 _aDO-SdBNP
_bspa
_cBNPHU
082 _axxx
100 1 _aSánchez Curiel, Gabriel
_966179
245 1 0 _aAuditoría de estados financieros :
_bun caso práctico /
_cGabriel Sánchez Curiel ; revisión técnica Melesio Meza Coria.
260 _aMéxico :
_bMcGraw Hill,
_c1987.
300 _a283 p. ;
_c24 cm.
700 1 _aMeza Coria, Melesio
_966180
999 _c39454
_d39454